Комюнике на Полско-съветската извънредна комисия по разследване злодеянията на германците, извършени в лагера на унищожението на Майданек в град Люблин (Запис номер 162564)
[ съкратено ]
| 000 -Лидер | |
|---|---|
| Контролно поле с фиксирана дължина | nam a22 a 4500 |
| 003 - Код на организацията, давaща контролен номер | |
| Контролно поле | BLK |
| 005 - Дата и час на последна редакция | |
| Контролно поле | 20210319082550.0 |
| 008 - Елементи от данни с фиксирана дължина | |
| fixed length control field | 180410b bul|||||r ||||||| ||bul|| |
| 010 ## - Наследен системен номер | |
| LC control number | KNG00169943000 |
| 040 ## - Източник на каталожния запис | |
| Идентификатор на билиотеката - собственик на записа | BLK |
| 041 ## - Код за език | |
| Код за езика на текст/звукозапис или на отделно заглавие | Български |
| Код за езика КДБФ | Български |
| 080 ## - УДК | |
| Текстов определител УДК | Заведения за изпълнение на наказанието. Заведения за трудова терапия - Затвори, принудителна работа, наказателни колонии, концентрационни лагери, възпитателни заведения и др. |
| УДК код - определител по УДК | 343.81 |
| УДК определител | (438) |
| УДК - код + определител | 343.81(438) |
| 080 ## - УДК | |
| Текстов определител УДК | Националсоциализъм |
| УДК код - определител по УДК | 321.64:329.18 |
| УДК - код + определител | 321.64:329.18 |
| 139 ## - Редно поле | |
| Редна дума | Комюнике на Полско-съветската извънредна комисия по разследване злодеянията на германците, извършени в лагера на унищожението на Майданек в град Люблин |
| Авторски знак | Ком - К 80 |
| 245 10 - Сведения за заглавието | |
| Заглавие | Комюнике на Полско-съветската извънредна комисия по разследване злодеянията на германците, извършени в лагера на унищожението на Майданек в град Люблин |
| 257 ## - Страна на издаване | |
| Страна на създаване/издаване | СССР |
| 260 ## - Област на издателските данни | |
| Място на издаване, разпространение и проч. | Москва |
| Име на издателя, разпространителя и проч. | Книгоизд. на чужди ез. |
| Година на издаване | 1944 |
| 9 (RLIN) | 219365 |
| 300 ## - Физическа характеристика | |
| Страници | 32 с. |
| Размери/Мащаб | 15 см |
| 380 ## - Жанр | |
| Жанр | Обществени науки |
| 500 ## - Общи забележки | |
| Забележка | Б. тир. |
| 650 #4 - Допълнително описание по предмет – тема | |
| Основно описание – тема или топоним | Концентрационни лагери, немскофашистки |
| 9 (RLIN) | 270318 |
| 651 #4 - Допълнително описание по предмет - топоним | |
| Географско понятие | Полша |
| 9 (RLIN) | 179388 |
| 653 ## - Ключова дума – ненормативна | |
| Ключова дума | концентрационни лагери |
| 653 ## - Ключова дума – ненормативна | |
| Ключова дума | Майданек |
| 653 ## - Ключова дума – ненормативна | |
| Ключова дума | военнопленници |
| 653 ## - Ключова дума – ненормативна | |
| Ключова дума | престъпления |
| 852 ## - Местоположение | |
| Форматна сигнатура | Цб 3.155.10867 |
| Фондова буква | Хранилище |
| 856 4# - Електронен адрес и достъп | |
| Електронен формат | pdf - файл |
| 856 4# - Електронен адрес и достъп | |
| Електронен формат | pdf - файл |
| 999 ## - СИСТЕМНИ КОНТРОЛНИ НОМЕРА | |
| Koha biblionumber | 162564 |
| Koha biblioitemnumber | 162564 |
| 942 ## - АРТИКУЛИ | |
| Вид на библиотечния материал | Книги |
| Скрит в OPAC | Не |
| Периодичен библиозапис | Да |
| 944 ## - СЪЗДАВАНЕ И РЕДАКЦИЯ на ЗАПИСА | |
| Създаване/Редакция | Създаване |
| Дата на регистрацията/редакция | 22.01.2015 |
| Служител, извършил регистрацията/редакцията | Наталия_Медовщикова |
| 944 ## - СЪЗДАВАНЕ И РЕДАКЦИЯ на ЗАПИСА | |
| Създаване/Редакция | Редакция |
| Дата на регистрацията/редакция | 2021-03-19 |
| Служител, извършил регистрацията/редакцията | А.М. |
| 999 ## - СИСТЕМНИ КОНТРОЛНИ НОМЕРА | |
| Koha biblioitemnumber | 162564 |
| Код за отписване | Код за изгубен артикул | Източник на класификационната схема | Код за повреда | Коз за рестрикции | Код за отдаване | Артикулен № | Име на библиотеката - собственик | Име на библиотеката, в която се намира в момента | Статус (Текущо местоположение) | Дата на вписване в системата | Местоположение - отдел | Цена в лева | Инвентарен номер | Систематично азбучна сигнатура | Баркод | Номер на екземпляра | Цена в евро | Служебна бележка | Служебен тип на артикула |
|---|---|---|---|---|---|---|---|---|---|---|---|---|---|---|---|---|---|---|---|
| Не е изгубен | Universal Decimal Classification | Не е повреден | без рестрикции | ползва се в читалня | 271352 | Регионална библиотека "Любен Каравелов" Русе | Регионална библиотека "Любен Каравелов" Русе | Хранилище | 1944-01-01 | Основен фонд - ползва се само за читалня | 0.02 | 10867-а | Цб 3.155.10867 | 900000040446 | 1 | 0.01 | Дост: Pk N: стар фонд Дата: 01.01.1944 Дата инв: 22.01.2015 Бележки инв: О2015 | Книги |